<?xml version="1.0" encoding="UTF-8"?>
<collection xmlns="http://www.loc.gov/MARC21/slim">
 <record>
  <leader>01544amm a22002898a 4500</leader>
  <controlfield tag="001">00033002</controlfield>
  <controlfield tag="005">20171026081025.0</controlfield>
  <controlfield tag="008">150203s2014                  ||||||viesd</controlfield>
  <datafield tag="041" ind1="0" ind2="#">
   <subfield code="a">vie</subfield>
  </datafield>
  <datafield tag="082" ind1=" " ind2=" ">
   <subfield code="a">428</subfield>
   <subfield code="b">S111TR</subfield>
  </datafield>
  <datafield tag="100" ind1="1" ind2="#">
   <subfield code="a">Lougheed, Lin</subfield>
  </datafield>
  <datafield tag="245" ind1="1" ind2="0">
   <subfield code="a">600 essential words for the TOEIC test</subfield>
   <subfield code="b">Test of English for international communication</subfield>
   <subfield code="c">Lin Lougheed</subfield>
   <subfield code="h">nguồn liệu điện tử]</subfield>
  </datafield>
  <datafield tag="250" ind1="#" ind2="#">
   <subfield code="a">2nd edition</subfield>
  </datafield>
  <datafield tag="260" ind1="#" ind2="#">
   <subfield code="a">TP.HCM</subfield>
   <subfield code="b">Trẻ; Công ty Văn hóa sáng tạo Trí Việt</subfield>
   <subfield code="c">2014</subfield>
  </datafield>
  <datafield tag="300" ind1="#" ind2="#">
   <subfield code="a">2 CD</subfield>
   <subfield code="c">43/4 in.</subfield>
   <subfield code="e">sách</subfield>
  </datafield>
  <datafield tag="490" ind1="#" ind2="#">
   <subfield code="a">Barron's Educational Series</subfield>
  </datafield>
  <datafield tag="653" ind1="#" ind2="#">
   <subfield code="a">TOEIC Test</subfield>
  </datafield>
  <datafield tag="653" ind1="#" ind2="#">
   <subfield code="a">Tiếng Anh</subfield>
  </datafield>
  <datafield tag="653" ind1="#" ind2="#">
   <subfield code="a">Bài kiểm tra</subfield>
  </datafield>
  <datafield tag="653" ind1="#" ind2="#">
   <subfield code="a">Đĩa CD</subfield>
  </datafield>
  <datafield tag="852" ind1="#" ind2="#">
   <subfield code="b">Kho đa phương tiện</subfield>
   <subfield code="j">DPT.0003341, DPT.0003342, DPT.0003343, DPT.0003344, DPT.0003345, DPT.0003346, DPT.0003347, DPT.0003348, DPT.0003349, DPT.0003350, DPT.0003351, DPT.0003352, DPT.0003353, DPT.0003354, DPT.0003355, DPT.0003356, DPT.0003357, DPT.0003358, DPT.0003359, DPT.0003360, DPT.0003361, DPT.0003362, DPT.0003363, DPT.0003364</subfield>
  </datafield>
  <datafield tag="852" ind1="#" ind2="#">
   <subfield code="j">DPT.0003346</subfield>
   <subfield code="j">DPT.0003348</subfield>
   <subfield code="j">DPT.0003349</subfield>
   <subfield code="j">DPT.0003351</subfield>
   <subfield code="j">DPT.0003352</subfield>
   <subfield code="j">DPT.0003356</subfield>
   <subfield code="j">DPT.0003357</subfield>
   <subfield code="j">DPT.0003359</subfield>
   <subfield code="j">DPT.0003360</subfield>
   <subfield code="j">DPT.0003364</subfield>
   <subfield code="j">DPT.0003341</subfield>
   <subfield code="j">DPT.0003342</subfield>
   <subfield code="j">DPT.0003347</subfield>
   <subfield code="j">DPT.0003350</subfield>
   <subfield code="j">DPT.0003353</subfield>
   <subfield code="j">DPT.0003355</subfield>
   <subfield code="j">DPT.0003358</subfield>
   <subfield code="j">DPT.0003361</subfield>
   <subfield code="j">DPT.0003362</subfield>
   <subfield code="j">DPT.0003345</subfield>
   <subfield code="j">DPT.0003354</subfield>
   <subfield code="j">DPT.0003363</subfield>
   <subfield code="j">DPT.0004304</subfield>
   <subfield code="j">DPT.0004305</subfield>
  </datafield>
  <datafield tag="910" ind1="0" ind2="#">
   <subfield code="a">kchi</subfield>
   <subfield code="d">03/02/2015</subfield>
  </datafield>
  <datafield tag="980" ind1="#" ind2="#">
   <subfield code="a">Trung tâm Học liệu Lê Vũ Hùng, Trường Đại học Đồng Tháp</subfield>
  </datafield>
 </record>
</collection>
